000 01594nam2a22002291 4500
001 rc\367054
005 20250621064737.0
035 _a(NLR Aleph) 005634590
090 _a6605545
_c6605545
100 _a20030307d1989 |||y0rusy50 ca
101 0 _arus
102 _aRU
105 _ay |||||||||
200 1 _aˆ[‰Органические и неорганические соединения и биохимические препараты]
215 _a139 с.
320 _aАвт. указ.: с. 134-139
461 0 _1001rc\367051
_12001#$aСостояние и перспективы развития ассортимента химических реактивов для важнейших отраслей народного хозяйства и научных исследований$eТез. докл.$e[В 3 т.]$fIII Всесоюз. совещ. по хим. реактивам, 19-23 сент. 1989 г. [Ашхабад$gРедкол.: Д.Л. Рахманкулов (отв. ред.) и др.]$vТ. 3
_96605518
_cАшхабад
_d1989
_fIII Всесоюз. совещ. по хим. реактивам, 19-23 сент. 1989 г. [Ашхабад
_nУфим. нефт. ин-т
_oТез. докл. : [В 3 т.]
_tСостояние и перспективы развития ассортимента химических реактивов для важнейших отраслей народного хозяйства и научных исследований
_vТ. 3
801 0 _aRU
_bNLR
_gpsbo
801 1 _aRU
_bELAR
_2rusmarc
852 _aNLR
_j89-3/11247
942 _cBOOK
980 _aNB